000 00554nam a22002057a 4500
003 OSt
005 20140310184340.0
008 121112t xxu||||| |||| 00| 0 eng d
020 _a0439597730
050 _aPZ 7
_b.C321 2003
100 _aCarson, Mary Kay.
_924171
245 _aCool science jobs
_cMary Kay Carson.
260 _aNew York, NY :
_bScholastic Inc.,
_c2003
300 _a32 p. :
_bill. : col. ;
_c20 cm.
521 _aG2
526 _c440
650 _aJuvenile
_xEnglish
_xScience
_924486
942 _2lcc
_cBK-SCHOLAS
999 _c33813
_d33813